Регионална библиотека "Любен Каравелов" - Русе

Търговската кореспонденция (Запис номер 410402)

MARC детайли
000 -Лидер
Контролно поле с фиксирана дължина nam a22 7a 4500
003 - Код на организацията, давaща контролен номер
Контролно поле BLK
005 - Дата и час на последна редакция
Контролно поле 20210422125636.0
008 - Елементи от данни с фиксирана дължина
fixed length control field 210422b bu ||||| |||| 00| 0 bu d
040 ## - Източник на каталожния запис
Идентификатор на билиотеката - собственик на записа BLK
041 ## - Код за език
Код за езика на текст/звукозапис или на отделно заглавие Български
Код за езика КДБФ Български
080 ## - УДК
Текстов определител УДК Организация и техника на търговията. Стоки. Обслужване
УДК код - определител по УДК 658.6
УДК - код + определител 658.6
100 ## - Редна дума - Автор
R(LIN) 450053
Автор Редули, Ж.
Авторска отговорност първи автор
139 ## - Редно поле
Редна дума Редули, Ж.
245 ## - Сведения за заглавието
Заглавие Търговската кореспонденция
Редно поле (дума) Ж. Редули, ред. Д. Попов
257 ## - Страна на издаване
Страна на създаване/издаване България
260 ## - Област на издателските данни
9 (RLIN) 450055
Място на издаване, разпространение и проч. София
Година на издаване 1937
Име на издателя, разпространителя и проч. Ив. А. Попов
Издателство - префикс ISBN 954-05-
Печатница (София : Едисон)
300 ## - Физическа характеристика
Страници 30 с.
Размери/Мащаб 18 см
380 ## - Жанр
Жанр Техника
490 ## - СЕРИИ (Колекции)
9 (RLIN) 450054
Име на серия Нова търговска библиотека
№: серия 4
653 #7 - Ключова дума – ненормативна
9 (RLIN) 193794
Ключова дума писма
700 ## - Други автори (авторска отговорност)
9 (RLIN) 1311
Лично име Попов, Д.
Автороска отговорност (Описва отношението между автора и произведението) ред.
852 ## - Местоположение
Форматна сигнатура Цб 6.165.30174
Фондова буква Основен фонд - ползва се само за читалня
999 ## - СИСТЕМНИ КОНТРОЛНИ НОМЕРА
Koha biblionumber 410402
Koha biblioitemnumber 410402
942 ## - АРТИКУЛИ
Вид на библиотечния материал Книги
Скрит в OPAC Не
Периодичен библиозапис Да
944 ## - СЪЗДАВАНЕ И РЕДАКЦИЯ на ЗАПИСА
Създаване/Редакция Създаване
Дата на регистрацията/редакция 2021-04-22
Служител, извършил регистрацията/редакцията ир
Статус, дата на статуса 2021-04-22
999 ## - СИСТЕМНИ КОНТРОЛНИ НОМЕРА
Koha biblioitemnumber 410402
999 ## - СИСТЕМНИ КОНТРОЛНИ НОМЕРА
Koha biblioitemnumber 410402
Наличности
Код за отписване Код за изгубен артикул Източник на класификационната схема Код за повреда Коз за рестрикции Код за отдаване Артикулен № Име на библиотеката - собственик Име на библиотеката, в която се намира в момента Статус (Текущо местоположение) Дата на вписване в системата Местоположение - отдел Цена в лева Инвентарен номер Систематично азбучна сигнатура Баркод Цена в евро Служебен тип на артикула
  Не е изгубен Universal Decimal Classification Не е повреден само за читалня ползва се в читалня 826470 Регионална библиотека "Любен Каравелов" Русе Регионална библиотека "Любен Каравелов" Русе Хранилище 2021-04-26 Основен фонд - ползва се само за читалня 0.03 30174 Цб 6.165.30174 900000056500 0.02 Книги
Vip Innovations Ltd, Rousse, Bulgaria 2025